000 00613nam a2200193 i 4500
001 89216
003 ES-MaACL
005 20230906180119.0
007 t|
008 050105s1983 sp ||||1| spa d
100 1 _aLangford, Michael.
_970049
245 1 0 _aEnciclopedia completa de la fotografĂ­a /
_cMichael Langford ; dir, Phil Wilkinson ; traductor Alfredo Cruz.
260 _aMadrid :
_bHermann Blume,
_c[1983]
300 _a432 p. :
_bil. ;
_c27 cm.
500 _aGlosario : p. 384-421.
700 1 _aWilkinson, Phil.
_9116869
700 1 _aCruz, Alfredo.
_941783
852 _aES-MaACL
_jG-9735
_bR.114997
999 _c89216
_d89216